000 00394nam a2200157Ia 4500
003 Ost
005 20260225132554.0
008 260225s9999||||xx |||||||||||||| ||und||
040 _cfsic
041 _afre
082 _a440
100 _aSaillant Jean-Michel
_eAuteur
245 0 _aComprendre la dimension médiatique :
245 0 _bcomment analyse /
_cSaillant Jean-Michel
942 _cكتاب
999 _c34359
_d34359